Muzikantská Liduška /
Příběh Lidušky Staňkové, která měla ráda houslistu Toníka a oba si mysleli, že jejich štěstí nic nepokazí. Při jedné tancovačce došlo mezi Toníkem a selským synem Krejzou k potyčce a od té chvíle Krejza přemýšlel, jak by se Toníkovi pomstil. Začal vyjednávat s Liduščinými rodiči svatbu s jejich dcer...
Uloženo v:
| Hlavní autor: | |
|---|---|
| Médium: | E-kniha |
| Jazyk: | Czech |
| Vydáno: |
Praha :
Artis,
2025
|
| Tagy: |
Žádné tagy |
| LEADER | 01956nam a22002297i 4500 | ||
|---|---|---|---|
| 001 | 312822 | ||
| 007 | ta | ||
| 008 | 260601s2025 xr ||||| |||| 00| 0 cze d | ||
| 020 | |a 9990004225459 | ||
| 044 | |a xr | ||
| 100 | 1 | |a Hálek, Vítězslav |4 aut | |
| 245 | 1 | 0 | |a Muzikantská Liduška / |c Hálek, Vítězslav |
| 264 | 1 | |a Praha : |b Artis, |c 2025 | |
| 300 | |a 1 online zdroj (40 stran) | ||
| 336 | |a text |b txt |2 rdacontent | ||
| 337 | |a bez média |b n |2 rdamedia | ||
| 338 | |a online zdroj |b cr |2 rdacarrier | ||
| 520 | 2 | |a Příběh Lidušky Staňkové, která měla ráda houslistu Toníka a oba si mysleli, že jejich štěstí nic nepokazí. Při jedné tancovačce došlo mezi Toníkem a selským synem Krejzou k potyčce a od té chvíle Krejza přemýšlel, jak by se Toníkovi pomstil. Začal vyjednávat s Liduščinými rodiči svatbu s jejich dcerou a ti proti sňatku nic nenamítali. Naopak, Lidušku přinutili, aby se za Krejzu provdala. Ta se proti vůli rodičů vzepřela, ale stejně k plánované svatbě došlo. Toník do poslední chvíle nevěřil, že by ho jeho dívka mohla takhle zradit. Když viděl, že svatebčané odjíždějí do kostela, zmizel a nikdo ho více nespatřil. Liduška v kostele Krejzu odmítla za manžela a vyběhla ven hledat svého Toníka, ale marně. Po všem, co v krátké době prožila, se pomátla na rozumu. Od té doby nevynechala žádnou muziku v okolí a mezi muzikanty hledala svého Toníka. Děti na ní pokřikovaly Muzikantská Liduška a z mladších lidí jen málokdo věděl, jaké neštěstí ji vlastně potkalo. | |
| 910 | |a RBIT002 | ||
| 998 | |d 422545 |a https://core.palmknihy.cz/api/books/422545/cover?t2z2wn |b https://core.palmknihy.cz/api/books/422545/cover/400?t2z2wn |c https://core.palmknihy.cz/api/books/422545/cover/50?t2z2wn |e |g 40 |i 9990004225459 |j https://core.palmknihy.cz/api/books/422545/preview.epub |l |q 49 |r 1 |s https://www.palmknihy.cz/kniha/422545 |t ebook |y 2025 |z 1 | ||
| 999 | |d 312820 | ||